[Event "Lombardia-ch"]
[Site "Monza"]
[Date "2005.05.22"]
[Round "6"]
[White "Bergonzoni, Carlo"]
[Black "Bettini, Massimo"]
[Result "1-0"]
[WhiteElo "1509"]
[BlackElo "1896"]
[PlyCount "59"]
[EventDate "2005.05.14"]
[EventType "swiss"]
[EventRounds "6"]
[EventCountry "ITA"]
[SourceTitle "EXT 2007"]
[Source "ChessBase"]
[SourceDate "2006.11.23"]
[SourceVersion "1"]
[SourceVersionDate "2006.11.23"]
[SourceQuality "1"]

1. d4 Nf6 2. c4 c5 3. d5 e6 4. Nc3 exd5 5. cxd5 d6 6. e4 g6 7. f4 Bg7 8. Nf3 0-0 9. Be2 a6 10. a4 Re8 11. e5 dxe5 12. fxe5 Ng4 13. Bg5 f6 14. Bxf6 Bxf6 15. exf6 Ne3 16. f7+ Kxf7 17. Qd2 Bf5 18. d6 Nc6 19. Kf2 Ne5 20. Nxe5+ Rxe5 21. Rhe1 Qg5 22. Bc4+ Kg7 23. Rxe3 Qf4+ 24. Ke2 Qxc4+ 25. Kf2 Qf4+ 26. Ke2 Bg4+ 27. Kd3 Qd4+ 28. Kc2 Rxe3 29. Rd1 Bxd1+ 30. Nxd1 1-0

[Event "Lombardia-ch"]
[Site "Monza"]
[Date "2005.05.14"]
[Round "1"]
[White "Bergonzoni, Carlo"]
[Black "Nardone, Massimo"]
[Result "1/2-1/2"]
[WhiteElo "1509"]
[BlackElo "1903"]
[PlyCount "59"]
[EventDate "2005.05.14"]
[EventType "swiss"]
[EventRounds "6"]
[EventCountry "ITA"]
[SourceTitle "EXT 2007"]
[Source "ChessBase"]
[SourceDate "2006.11.23"]
[SourceVersion "1"]
[SourceVersionDate "2006.11.23"]
[SourceQuality "1"]

1. d4 f5 2. h3 d6 3. g4 fxg4 4. hxg4 Bxg4 5. Qd3 g6 6. Qb5+ Bd7 7. Qb3 Nc6 8. c3 e6 9. Qc2 Qe7 10. Nf3 0-0-0 11. Bg5 Nf6 12. e3 Qf7 13. Bd3 Be7 14. Nbd2 Rde8 15. 0-0-0 e5 16. Bc4 d5 17. Bb5 exd4 18. Bxc6 Bxc6 19. cxd4 Ne4 20. Ne5 Qxf2 21. Bxe7 Rxe7 22. Nxg6 Rhe8 23. Nxe7+ Rxe7 24. Nxe4 Qxc2+ 25. Kxc2 dxe4 26. Rdf1 Be8 27. Rh6 Bg6 28. Kc3 c6 29. Rf8+ Kc7 30. Rh4 1/2-1/2

[Event "CFriend SH-2004-0-00026 email"]
[Site "Chessfriend.com"]
[Date "2004.11.13"]
[Round "1"]
[White "Bergonzoni, Carlo"]
[Black "Cade, Stephen"]
[Result "1/2-1/2"]
[WhiteElo "2060"]
[BlackElo "2123"]
[PlyCount "87"]
[EventDate "2004.??.??"]
[EventType "tourn (corr)"]
[EventRounds "10"]
[SourceTitle "Corr 2008"]
[Source "ChessBase"]
[SourceDate "2008.06.24"]
[SourceVersion "1"]
[SourceVersionDate "2008.06.24"]
[SourceQuality "1"]

1. d4 Nc6 2. Nf3 d6 3. d5 Nb8 4. c4 g6 5. e4 Bg7 6. Be2 Nf6 7. Nc3 0-0 8. 0-0 c6 9. h3 Nbd7 10. Be3 c5 11. Qd2 b6 12. Bh6 Bb7 13. Rad1 Qc7 14. b3 a6 15. Rfe1 Rfe8 16. Bxg7 Kxg7 17. a3 h6 18. b4 Rac8 19. b5 a5 20. Qd3 e6 21. Nd2 exd5 22. Nxd5 Nxd5 23. exd5 Re5 24. Qc3 Kh7 25. Nf3 Re7 26. Bd3 Rce8 27. h4 Rxe1+ 28. Rxe1 Rxe1+ 29. Qxe1 Nf6 30. Nd2 Qd8 31. Qe3 Ng4 32. Qg3 Nf6 33. Qf4 Kg7 34. g4 Qe7 35. g5 hxg5 36. hxg5 Nh5 37. Qe3 Kf8 38. Kg2 Qxe3 39. fxe3 Bc8 40. Kf3 Ke7 41. Nb1 Bd7 42. Nc3 Kd8 43. Kg2 Ng7 44. Na4 1/2-1/2

[Event "CFriend SH-2004-0-00026 email"]
[Site "Chessfriend.com"]
[Date "2004.11.13"]
[Round "1"]
[White "Bergonzoni, Carlo"]
[Black "Horvath, Daniel"]
[Result "0-1"]
[WhiteElo "2060"]
[BlackElo "2242"]
[PlyCount "56"]
[EventDate "2004.??.??"]
[EventType "tourn (corr)"]
[EventRounds "10"]
[SourceTitle "Corr 2008"]
[Source "ChessBase"]
[SourceDate "2008.06.24"]
[SourceVersion "1"]
[SourceVersionDate "2008.06.24"]
[SourceQuality "1"]

1. d4 Nf6 2. c4 g6 3. Nc3 Bg7 4. e4 0-0 5. f4 d6 6. Nf3 Na6 7. e5 Nd7 8. h4 c5 9. d5 dxe5 10. h5 Qa5 11. Qb3 Qb6 12. Qxb6 axb6 13. hxg6 fxg6 14. Ng5 Nb4 15. Rb1 exf4 16. Ne6 Rf7 17. a3 Nc2+ 18. Kd1 Nd4 19. Ne2 Ne5 20. N2xd4 cxd4 21. Nxg7 Kxg7 22. b3 f3 23. gxf3 Nxf3 24. Bh6+ Kg8 25. a4 e5 26. dxe6 Bxe6 27. Be2 Bg4 28. Rf1 Ra5 0-1

[Event "CFriend SH-2004-0-00026 email"]
[Site "Chessfriend.com"]
[Date "2004.11.13"]
[Round "1"]
[White "Bergonzoni, Carlo"]
[Black "Marez, Sebastien"]
[Result "1/2-1/2"]
[WhiteElo "2060"]
[BlackElo "2333"]
[PlyCount "124"]
[EventDate "2004.??.??"]
[EventType "tourn (corr)"]
[EventRounds "10"]
[SourceTitle "Corr 2024"]
[Source "ChessBase"]
[SourceDate "2023.10.19"]
[SourceVersion "1"]
[SourceVersionDate "2023.10.19"]
[SourceQuality "1"]

1. d4 d5 2. c4 c6 3. Nf3 Nf6 4. Nc3 dxc4 5. a4 Bf5 6. Ne5 Nbd7 7. Nxc4 Nb6 8. Ne5 a5 9. f3 Nfd7 10. Nxd7 Nxd7 11. e4 Bg6 12. Be2 e6 13. 0-0 Bb4 14. Be3 0-0 15. Qb3 Qc7 16. Rac1 Rad8 17. Kh1 Rc8 18. Rfd1 Qb8 19. Bc4 Rfd8 20. Ne2 Bd6 21. Bg5 Re8 22. e5 Bb4 23. Nf4 Nb6 24. Nxg6 Nxc4 25. Qxc4 hxg6 26. Qd3 Be7 27. Bxe7 Rxe7 28. Qc3 Qa8 29. Qb3 Rd8 30. Qb6 Rd5 31. Rc5 Red7 32. Rxd5 Rxd5 33. Re1 Qd8 34. Qxb7 c5 35. dxc5 Rxe5 36. Rg1 Rxc5 37. b4 Rc4 38. bxa5 Qxa5 39. Qb8+ Kh7 40. Qb7 Rf4 41. g3 Rxa4 42. Qxf7 Qe5 43. Qd7 Rd4 44. Qa7 Rd2 45. Rg2 Rd1+ 46. Rg1 Qe2 47. Rxd1 Qxf3+ 48. Kg1 Qxd1+ 49. Kf2 Qd2+ 50. Kg1 Qe1+ 51. Kg2 Qe4+ 52. Kg1 Qf5 53. Qa4 g5 54. Qd1 g4 55. Qa4 e5 56. Qb5 Qe4 57. Qe8 Qf5 58. Qb5 Kg6 59. Qe8+ Kg5 60. Qd8+ Qf6 61. Qd2+ Kg6 62. Qd3+ Kh6 1/2-1/2

[Event "CFriend SH-2004-0-00026 email"]
[Site "Chessfriend.com"]
[Date "2004.11.13"]
[Round "1"]
[White "Bergonzoni, Carlo"]
[Black "Simmelink, Joop Theo"]
[Result "1/2-1/2"]
[WhiteElo "2060"]
[BlackElo "2297"]
[PlyCount "73"]
[EventDate "2004.??.??"]
[EventType "tourn (corr)"]
[EventRounds "10"]
[SourceTitle "Corr 2008"]
[Source "ChessBase"]
[SourceDate "2008.06.24"]
[SourceVersion "1"]
[SourceVersionDate "2008.06.24"]
[SourceQuality "1"]

1. d4 d5 2. c4 c6 3. Nf3 Nf6 4. Nc3 e6 5. Bg5 dxc4 6. e4 b5 7. e5 h6 8. Bh4 g5 9. Nxg5 hxg5 10. Bxg5 Nbd7 11. exf6 Bb7 12. g3 c5 13. d5 Qb6 14. Bg2 0-0-0 15. 0-0 b4 16. Rb1 Qa6 17. dxe6 Bxg2 18. e7 Bxf1 19. Kxf1 Qc6 20. exd8Q+ Kxd8 21. Nd5 Rxh2 22. Kg1 Rh8 23. Bf4 Kc8 24. Qf3 Kb7 25. Rd1 Nb6 26. Qg2 a5 27. Nxb6 Kxb6 28. Rd8 Qxg2+ 29. Kxg2 c3 30. bxc3 bxc3 31. Rb8+ Kc6 32. Kf3 c2 33. Rb2 c1Q 34. Bxc1 Bh6 35. Bf4 Bxf4 36. Kxf4 Rd8 37. g4 1/2-1/2

[Event "CFriend SH-2004-0-00026 email"]
[Site "Chessfriend.com"]
[Date "2004.11.13"]
[Round "1"]
[White "Lambert, Andreas"]
[Black "Bergonzoni, Carlo"]
[Result "1/2-1/2"]
[WhiteElo "2141"]
[BlackElo "2060"]
[PlyCount "51"]
[EventDate "2004.??.??"]
[EventType "tourn (corr)"]
[EventRounds "10"]
[SourceTitle "Corr 2008"]
[Source "ChessBase"]
[SourceDate "2008.06.24"]
[SourceVersion "1"]
[SourceVersionDate "2008.06.24"]
[SourceQuality "1"]

1. d4 d5 2. c4 c6 3. Nf3 Nf6 4. e3 e6 5. Nc3 Nbd7 6. Qc2 Bd6 7. g4 Bb4 8. Bd2 Qe7 9. Rg1 Bxc3 10. Bxc3 b6 11. Nd2 dxc4 12. Nxc4 Nd5 13. Bd2 c5 14. dxc5 Nxc5 15. e4 0-0 16. 0-0-0 Nf6 17. e5 Nfe4 18. Bg2 Nxd2 19. Qxd2 Bb7 20. Nd6 Bxg2 21. Rxg2 Rad8 22. f4 Rd7 23. Qe3 Rfd8 24. Rgd2 Nb7 25. Nxb7 Rxd2 26. Rxd2 1/2-1/2

[Event "CFriend SH-2004-0-00026 email"]
[Site "Chessfriend.com"]
[Date "2004.11.13"]
[Round "1"]
[White "Rokitta, Norbert"]
[Black "Bergonzoni, Carlo"]
[Result "0-1"]
[WhiteElo "2020"]
[BlackElo "2060"]
[PlyCount "26"]
[EventDate "2004.??.??"]
[EventType "tourn (corr)"]
[EventRounds "10"]
[SourceTitle "Corr 2024"]
[Source "ChessBase"]
[SourceDate "2023.10.19"]
[SourceVersion "1"]
[SourceVersionDate "2023.10.19"]
[SourceQuality "1"]

1. e4 c5 2. Nc3 Nc6 3. f4 g6 4. Nf3 Bg7 5. Bc4 e6 6. f5 Nge7 7. fxe6 fxe6 8. a3 d5 9. Ba2 0-0 10. 0-0 c4 11. d3 b5 12. Qe2 a5 13. exd5 exd5 0-1

[Event "CFriend AT-2004-0-00180 email"]
[Site "Chessfriend.com"]
[Date "2004.11.10"]
[Round "1"]
[White "Miszta, Feliks"]
[Black "Bergonzoni, Carlo"]
[Result "1/2-1/2"]
[WhiteElo "1615"]
[BlackElo "2060"]
[PlyCount "41"]
[EventDate "2004.??.??"]
[EventType "tourn (corr)"]
[EventRounds "2"]
[SourceTitle "Corr 2024"]
[Source "ChessBase"]
[SourceDate "2023.10.19"]
[SourceVersion "1"]
[SourceVersionDate "2023.10.19"]
[SourceQuality "1"]

1. e4 c5 2. Nf3 Nc6 3. d4 cxd4 4. Nxd4 Nf6 5. Nc3 e5 6. Nf3 Bb4 7. Bg5 Bxc3+ 8. bxc3 Qa5 9. Bd3 Qxc3+ 10. Bd2 Qc5 11. Rb1 0-0 12. Bg5 Qe7 13. Nd2 h6 14. Bh4 d6 15. 0-0 Be6 16. Bxf6 Qxf6 17. Rxb7 Bxa2 18. Bc4 Bxc4 19. Nxc4 Rfd8 20. Ne3 a5 21. Nd5 1/2-1/2

[Event "CFriend SH-2004-0-00018 email"]
[Site "Chessfriend.com"]
[Date "2004.02.28"]
[Round "1"]
[White "Nava Baro, Enrique"]
[Black "Bergonzoni, Carlo"]
[Result "1/2-1/2"]
[WhiteElo "2100"]
[BlackElo "2060"]
[PlyCount "84"]
[EventDate "2004.02.28"]
[EventType "tourn (corr)"]
[EventRounds "12"]
[SourceTitle "Corr 2008"]
[Source "ChessBase"]
[SourceDate "2008.06.24"]
[SourceVersion "1"]
[SourceVersionDate "2008.06.24"]
[SourceQuality "1"]

1. d4 d5 2. c4 e6 3. Nc3 Nf6 4. cxd5 exd5 5. Bg5 Be7 6. Qc2 0-0 7. e3 c6 8. Bd3 Nbd7 9. Nge2 Re8 10. 0-0 Nf8 11. f3 Nh5 12. Bxe7 Qxe7 13. e4 Be6 14. e5 g6 15. g4 Ng7 16. Ng3 Nd7 17. Rae1 f6 18. exf6 Qxf6 19. Nce2 Bf7 20. Qd2 Ne6 21. Bc2 Nb6 22. b3 Qh4 23. a4 Nd7 24. a5 Nf6 25. b4 Ng5 26. Nf4 Rxe1 27. Qxe1 Re8 28. Qf2 Qh6 29. Kg2 Ne6 30. Nxe6 Rxe6 31. Re1 Rxe1 32. Qxe1 Ne8 33. Nf1 Nc7 34. Qe5 Na6 35. b5 cxb5 36. Bd3 Qc1 37. Bxb5 Nc7 38. Be2 Qe1 39. g5 Ne6 40. Qb8+ Nf8 41. Qe5 a6 42. h4 Qxh4 1/2-1/2

[Event "CFriend SH-2004-0-00018 email"]
[Site "Chessfriend.com"]
[Date "2004.02.28"]
[Round "?"]
[White "Novak, Joze"]
[Black "Bergonzoni, Carlo"]
[Result "1/2-1/2"]
[WhiteElo "2276"]
[BlackElo "2062"]
[PlyCount "57"]
[EventDate "2004.02.28"]
[EventType "tourn (corr)"]
[EventRounds "12"]
[SourceTitle "Corr 2008"]
[Source "ChessBase"]
[SourceDate "2008.06.24"]
[SourceVersion "1"]
[SourceVersionDate "2008.06.24"]
[SourceQuality "1"]

1. d4 d5 2. c4 e6 3. Nf3 Nf6 4. Bg5 Be7 5. Nc3 0-0 6. e3 h6 7. Bh4 b6 8. Bd3 Bb7 9. 0-0 dxc4 10. Bxc4 Nbd7 11. Bg3 c5 12. Qe2 a6 13. a4 cxd4 14. exd4 Bb4 15. Rac1 Bxc3 16. bxc3 Ne4 17. Bf4 Rc8 18. Nd2 Ndf6 19. f3 Nd6 20. Bxa6 Bxa6 21. Qxa6 Ra8 22. Qd3 Rxa4 23. c4 b5 24. c5 Nf5 25. Be5 Nxd4 26. Rfd1 Qd5 27. Bxf6 gxf6 28. Kh1 f5 29. Qe3 1/2-1/2

[Event "IECG CP.2003.P.00077 email"]
[Site "IECG email"]
[Date "2003.10.01"]
[Round "?"]
[White "Bergonzoni, Carlo"]
[Black "Van Bommel, Ton"]
[Result "1/2-1/2"]
[WhiteElo "2100"]
[BlackElo "1861"]
[PlyCount "112"]
[EventDate "2003.10.01"]
[EventType "tourn (corr)"]
[EventRounds "6"]
[EventCountry "NED"]
[SourceTitle "Corr 2008"]
[Source "ChessBase"]
[SourceDate "2008.06.24"]
[SourceVersion "1"]
[SourceVersionDate "2008.06.24"]
[SourceQuality "1"]

1. d4 d5 2. c4 dxc4 3. e4 e5 4. Nf3 Bb4+ 5. Nc3 exd4 6. Nxd4 Ne7 7. Bxc4 Nbc6 8. Be3 0-0 9. a3 Bxc3+ 10. bxc3 Na5 11. Be2 Ng6 12. 0-0 Qe7 13. Qc2 Ne5 14. Rfe1 b6 15. Nf5 Bxf5 16. exf5 Rfe8 17. f4 Nec4 18. Bxc4 Nxc4 19. Bxb6 Qxe1+ 20. Rxe1 Rxe1+ 21. Kf2 Rae8 22. Bxa7 Nxa3 23. Qd3 R1e4 24. Kf3 Nc4 25. Bc5 h5 26. g3 f6 27. Qd5+ Kh7 28. Qf7 Nd2+ 29. Kg2 Re2+ 30. Kh3 Nf1 31. Bg1 Nd2 32. Qxh5+ Kg8 33. Kh4 R8e7 34. Kh3 Re8 35. Bd4 Nf1 36. Kg4 R8e7 37. h3 Rg2 38. Kh4 Nxg3 39. Qg4 Rf7 40. Qg6 Nxf5+ 41. Qxf5 g5+ 42. fxg5 fxg5+ 43. Qxg5+ Rxg5 44. Kxg5 Kh7 45. h4 Re7 46. Kf5 Kh6 47. Bf6 Re8 48. Bg5+ Kh5 49. c4 c6 50. c5 Re2 51. Bf6 Re1 52. Bg5 Re8 53. Bf6 Re2 54. Bg5 Re1 55. Bf6 Re3 56. Bg5 Rd3 1/2-1/2

[Event "IECG CP.2003.P.00077 email"]
[Site "IECG email"]
[Date "2003.10.01"]
[Round "?"]
[White "Valdez Aguero, Daniel"]
[Black "Bergonzoni, Carlo"]
[Result "0-1"]
[WhiteElo "1803"]
[BlackElo "2100"]
[PlyCount "70"]
[EventDate "2003.10.01"]
[EventType "tourn (corr)"]
[EventRounds "6"]
[EventCountry "NED"]
[SourceTitle "Corr 2008"]
[Source "ChessBase"]
[SourceDate "2008.06.24"]
[SourceVersion "1"]
[SourceVersionDate "2008.06.24"]
[SourceQuality "1"]

1. d4 d5 2. Nf3 Nf6 3. e3 e6 4. Bd3 c5 5. b3 Nc6 6. 0-0 Bd6 7. Bb2 0-0 8. Nbd2 Qe7 9. Ne5 cxd4 10. exd4 Ba3 11. Qc1 Bxb2 12. Qxb2 Bd7 13. a3 Qd6 14. Rae1 a6 15. f4 Rac8 16. Ndf3 Ne7 17. g4 Bc6 18. Re2 b5 19. Nd2 Bb7 20. b4 Ne4 21. Nxe4 dxe4 22. Bxe4 Bxe4 23. Rxe4 Nd5 24. Nd3 Nc3 25. Nc5 Nxe4 26. Nxe4 Qe7 27. c3 f5 28. Nc5 fxg4 29. Qe2 Qh4 30. Qxe6+ Kh8 31. Qe3 Rce8 32. Qf2 Qh3 33. Qg3 Qxg3+ 34. hxg3 Re3 35. d5 Rxg3+ 0-1

[Event "IECG CA.2003.0.00101 email"]
[Site "IECG email"]
[Date "2003.08.03"]
[Round "?"]
[White "Bergonzoni, Carlo"]
[Black "Andersen, Henrik N"]
[Result "1/2-1/2"]
[WhiteElo "2100"]
[BlackElo "2031"]
[PlyCount "54"]
[EventDate "2003.08.03"]
[EventType "tourn (corr)"]
[EventRounds "6"]
[SourceTitle "Corr 2008"]
[Source "ChessBase"]
[SourceDate "2008.06.24"]
[SourceVersion "1"]
[SourceVersionDate "2008.06.24"]
[SourceQuality "1"]

1. d4 d5 2. c4 e5 3. dxe5 d4 4. Nf3 Nc6 5. g3 Be6 6. Nbd2 Qd7 7. Bg2 Bh3 8. e6 Bxe6 9. Qb3 Nge7 10. 0-0 0-0-0 11. Ng5 h6 12. Nxe6 Qxe6 13. Nf3 Na5 14. Qd1 Nec6 15. b3 Bb4 16. Bb2 Qg6 17. Nxd4 Nxd4 18. Bxd4 Rhe8 19. Bd5 c6 20. a3 Be7 21. b4 cxd5 22. bxa5 dxc4 23. e3 Kb8 24. Rc1 Rc8 25. Rc3 Bf6 26. a6 Bxd4 27. Qxd4 Qxa6 1/2-1/2

[Event "IECG TG-2003-0-14753"]
[Site "IECG email"]
[Date "2003.01.17"]
[Round "1"]
[White "Bergonzoni, Carlo"]
[Black "Asselin, John"]
[Result "1/2-1/2"]
[WhiteElo "2100"]
[BlackElo "2099"]
[PlyCount "69"]
[EventDate "2003.01.17"]
[EventType "tourn (corr)"]
[EventRounds "6"]
[SourceTitle "Corr 2024"]
[Source "ChessBase"]
[SourceDate "2023.10.19"]
[SourceVersion "1"]
[SourceVersionDate "2023.10.19"]
[SourceQuality "1"]

1. d4 Nf6 2. c4 c5 3. d5 b5 4. cxb5 a6 5. bxa6 g6 6. Nc3 Bxa6 7. e4 Bxf1 8. Kxf1 d6 9. Nf3 Bg7 10. g3 Nbd7 11. Kg2 0-0 12. Re1 Qa5 13. e5 Ng4 14. exd6 exd6 15. Bf4 Rfb8 16. Re2 Qa6 17. Rc1 Nge5 18. Nxe5 Nxe5 19. Bxe5 Bxe5 20. b3 Rb4 21. Rd2 c4 22. Ne2 Kg7 23. Nd4 cxb3 24. Nxb3 Rc4 25. Qe2 Rxc1 26. Qxa6 Rxa6 27. Nxc1 g5 28. Nb3 f5 29. Rc2 Kf6 30. h3 Ra4 31. Re2 g4 32. Rc2 h5 33. hxg4 hxg4 34. Re2 Ra8 35. Rd2 1/2-1/2